Učiteľ ako obeť kybernetických útokov žiakov

Kybernetické útoky ako jedno z rizík moderných technológií. Analýza príčin kyberútokov, ich typické formy. Výskum realizovaný medzi koordinátormi prevencie a policajtmi. Vhodné príklady preventívnych aktivít, ktorými možno kybernetickým útokom žiakov voči učiteľom prechádzať.

Na minha lista:
Detalhes bibliográficos
Autor principal: Emmerová, Ingrid
Formato: Capítulo de Livro
Idioma:eslovaco
Assuntos:
Tags: Adicionar Tag
Sem tags, seja o primeiro a adicionar uma tag!

MARC

LEADER 00000naa a2200000 4500
001 0248718
005 20181108075559.8
041 0 |a slo 
044 |a SK 
245 1 0 |a Učiteľ ako obeť kybernetických útokov žiakov  |c Ingrid Emmerová 
520 |a Kybernetické útoky ako jedno z rizík moderných technológií. Analýza príčin kyberútokov, ich typické formy. Výskum realizovaný medzi koordinátormi prevencie a policajtmi. Vhodné príklady preventívnych aktivít, ktorými možno kybernetickým útokom žiakov voči učiteľom prechádzať. 
610 2 0 |a útoky kybernetické 
610 2 0 |a učitelia 
610 2 0 |a žiaci 
610 2 0 |a správanie asociálne 
610 2 0 |a psychológia pedagogická 
610 2 0 |a technológie nové 
610 2 0 |a prevencia sociálna 
100 1 |a Emmerová, Ingrid